Joyce annotated : (Record no. 298)
[ view plain ]
| 000 -LEADER | |
|---|---|
| fixed length control field | 01326cam a2200325 i 4500 |
| 001 - CONTROL NUMBER | |
| control field | 410848 |
| 005 - DATE AND TIME OF LATEST TRANSACTION | |
| control field | 20200421093826.0 |
| 008 - FIXED-LENGTH DATA ELEMENTS--GENERAL INFORMATION | |
| fixed length control field | 801202s1982 caub s001 0 eng |
| 010 ## - LIBRARY OF CONGRESS CONTROL NUMBER | |
| LC control number | 80029448 |
| 020 ## - INTERNATIONAL STANDARD BOOK NUMBER | |
| International Standard Book Number | 0520046102 |
| 040 ## - CATALOGING SOURCE | |
| Original cataloging agency | DLC |
| Transcribing agency | DLC |
| Modifying agency | DLC |
| 050 00 - LIBRARY OF CONGRESS CALL NUMBER | |
| Classification number | PR6019.O9 |
| Item number | Z5335 1982 |
| 082 00 - DEWEY DECIMAL CLASSIFICATION NUMBER | |
| Classification number | 823/.912 |
| Edition information | 19 |
| 100 1# - MAIN ENTRY--PERSONAL NAME | |
| Personal name | Gifford, Don. |
| 9 (RLIN) | 1441 |
| 245 10 - TITLE STATEMENT | |
| Title | Joyce annotated : |
| Remainder of title | notes for Dubliners and A portrait of the artist as a young man / |
| Statement of responsibility, etc. | Don Gifford. |
| 250 ## - EDITION STATEMENT | |
| Edition statement | 2d ed., rev. and enl. |
| 260 ## - PUBLICATION, DISTRIBUTION, ETC. | |
| Place of publication, distribution, etc. | Berkeley : |
| Name of publisher, distributor, etc. | University of California Press, |
| Date of publication, distribution, etc. | c1982. |
| 300 ## - PHYSICAL DESCRIPTION | |
| Extent | ix, 308 p. : |
| Other physical details | maps ; |
| Dimensions | 24 cm. |
| 500 ## - GENERAL NOTE | |
| General note | "Maps were drawn by Peggy Diggs." |
| 500 ## - GENERAL NOTE | |
| General note | Edition for 1967 published under title: Notes for Joyce: Dubliners and A portrait of the artist as a young man. |
| 500 ## - GENERAL NOTE | |
| General note | Includes index. |
| 600 10 - SUBJECT ADDED ENTRY--PERSONAL NAME | |
| Personal name | Joyce, James, |
| Dates associated with a name | 1882-1941. |
| Title of a work | Dubliners. |
| 600 10 - SUBJECT ADDED ENTRY--PERSONAL NAME | |
| Personal name | Joyce, James, |
| Dates associated with a name | 1882-1941. |
| Title of a work | Portrait of the artist as a young man. |
| 651 #0 - SUBJECT ADDED ENTRY--GEOGRAPHIC NAME | |
| Geographic name | Dublin (Ireland) |
| General subdivision | In literature. |
| 9 (RLIN) | 1552 |
| 700 1# - ADDED ENTRY--PERSONAL NAME | |
| Personal name | Joyce, James, |
| Dates associated with a name | 1882-1941. |
| Title of a work | Dubliners. |
| 700 1# - ADDED ENTRY--PERSONAL NAME | |
| Personal name | Joyce, James, |
| Dates associated with a name | 1882-1941. |
| Title of a work | Portrait of the artist as a young man. |
| 856 42 - ELECTRONIC LOCATION AND ACCESS | |
| Materials specified | Publisher description |
| Uniform Resource Identifier | <a href="http://www.loc.gov/catdir/enhancements/fy0801/80029448-d.html">http://www.loc.gov/catdir/enhancements/fy0801/80029448-d.html</a> |
| 906 ## - LOCAL DATA ELEMENT F, LDF (RLIN) | |
| a | 7 |
| b | cbc |
| c | orignew |
| d | u |
| e | ocip |
| f | 19 |
| g | y-gencatlg |
| 942 ## - ADDED ENTRY ELEMENTS (KOHA) | |
| Source of classification or shelving scheme | Dewey Decimal Classification |
| Koha item type | Books |
| Withdrawn status | Lost status | Damaged status | Not for loan | Collection | Home library | Current library | Shelving location | Date acquired | Barcode | Date last seen | Price effective from | Koha item type |
|---|---|---|---|---|---|---|---|---|---|---|---|---|
| Reference | Midway | Midway | General stacks | 09/04/2014 | 39999000013139 | 09/04/2014 | 09/04/2014 | Books | ||||
| Reference | Midway | Midway | General stacks | 09/04/2014 | 39999000013153 | 09/04/2014 | 09/04/2014 | Books | ||||
| Reference | Midway | Midway | General stacks | 09/04/2014 | 39999000013177 | 09/04/2014 | 09/04/2014 | Books |